| 000 | 02201cam a22004697a 4500 | ||
|---|---|---|---|
| 999 |
_c126981 _d126981 |
||
| 001 | 16901633 | ||
| 003 | ARRUPE | ||
| 005 | 20170926142510.0 | ||
| 008 | 110803s2011 enkahc b 001 0 eng d | ||
| 010 | _a 2011378506 | ||
| 015 |
_aGBB0D3262 _2bnb |
||
| 020 | _a9780199592166 (hbk.) | ||
| 020 | _a0199592160 (hbk.) | ||
| 035 | _a(OCoLC)ocn728541878 | ||
| 040 |
_aNLE _cNLE _dVP@ _dYBM _dXII _dBTCTA _dYDXCP _dERASA _dDEBBG _dBWX _dDLC |
||
| 042 | _alccopycat | ||
| 050 | 0 | 0 |
_aPR5907 _b.F67 2011 |
| 082 | 0 | 4 |
_a821.8 _222 |
| 084 |
_aHL 4945 _2rvk |
||
| 100 | 1 |
_aFoster, R. F. _q(Robert Fitzroy), _d1949- _936267 |
|
| 245 | 1 | 0 |
_aWords alone : _bYeats and his inheritance / _cR.F. Foster. |
| 246 | 3 | 0 | _aYeats and his inheritance |
| 260 |
_aOxford : _bOxford University Press, _c2011. |
||
| 300 |
_axix, 236 p. : _bill., facsims., ports. ; _c20 cm. |
||
| 504 | _aIncludes bibliographical references (p. 174-219) and index. | ||
| 505 | 0 | _aNational tales and national futures in Ireland and Scotland after 1800 -- The first Romantics : young Irelands between Catholic emancipation and the famine -- Lost in the big house : Anglo-Irishry and the uses of the supernatural -- Oisin comes home : Yeats as inheritor. | |
| 600 | 1 | 0 |
_aYeats, W. B. _q(William Butler), _d1865-1939 _xCriticism and interpretation. _936268 |
| 600 | 1 | 0 |
_aYeats, W. B. _q(William Butler), _d1865-1939 _xSources. _936269 |
| 600 | 1 | 7 |
_aYeats, William B. _2swd _936270 |
| 648 | 7 |
_aGeschichte 1800-1900. _2swd _936271 |
|
| 650 | 0 |
_aEnglish literature _xIrish authors _xHistory and criticism. _9442 |
|
| 650 | 0 |
_aEnglish literature _y19th century _xHistory and criticism. _94625 |
|
| 650 | 0 |
_aInfluence (Literary, artistic, etc.) _936272 |
|
| 650 | 0 |
_aEnglish literature _xIrish influences. _936273 |
|
| 650 | 0 | 7 |
_aLiteratur. _2swd _925718 |
| 651 | 0 |
_aIreland _xCivilization _y19th century. _936274 |
|
| 651 | 7 |
_aEnglisch. _2swd _925721 |
|
| 651 | 7 |
_aIrland. _2swd _936275 |
|
| 856 |
_uhttp://bvbr.bib-bvb.de:8991/F?func=service&doc_library=BVB01&doc_number=021181659&line_number=0001&func_code=DB_RECORDS&service_type=MEDIA _zInhaltsverzeichnis |
||
| 906 |
_a0 _bvip _ccopycat _d2 _encip _f20 _gy-gencatlg |
||
| 942 |
_2lcc _cMONOGRAPH |
||